| 000 | 00617ntaaa2200205 4500 | ||
|---|---|---|---|
| 003 | 01 | ||
| 005 | 20251027202324.0 | ||
| 008 | 0714s1973 ag 01 | ||
| 020 | _a8470573594 | ||
| 040 |
_aAR-BaBN _bspa _cAR-BaBN _eaacr _dRIC |
||
| 082 | _a281.1000 P93s | ||
| 100 |
_aPrzywara, Erich _913304 |
||
| 245 | _aSan Agustín | ||
| 250 | _a2 ed. | ||
| 260 |
_aMadrid : _bCristiandad, _c1984 |
||
| 300 |
_a490 p ; _c20,5 cm |
||
| 500 | _aDe este libro publicó Revista de Occidente una primera edición en Buenos Aires.Contiene índice y siglas de las obras de San Agustín. | ||
| 650 |
_aSan agustín _97859 |
||
| 942 | _cBK | ||
| 999 |
_c18028 _d18028 |
||